000 00918nam a2200253 a 4500
001 46463
003 BD-RjUL
005 20211209054145.0
008 160802s1953 nyu 000 0 eng d
035 _a(BD-RjUL)46581
040 _aDLC
_cAKR
_dOCL
_dSLU
_dBD-RjUL
_beng
041 _aeng
082 _a320
_223
_bCAD 1953
100 1 _aCalhoun, John C.
_9141809
245 1 2 _aA disquisition on government :
_band selections from the Discourse /
_cJohn C. Calhoun ; edited, with an introduction, by C. Gordon Post.
260 _aNew York :
_bLiberal Arts Press ;
_cc1953.
300 _axxxv, 104 p. ;
_c21 cm.
490 1 _aThe American heritage series ;
_v10
650 0 _aPolitical science.
_9141810
651 0 _aUnited States
_xPolitics and government.
_9141811
700 1 _aPost, C. Gordon
_q(Charles Gordon),
_d1903-
_9141812
830 0 _aAmerican heritage series (New York, N.Y.) ;
_v10
_9141727
942 _2ddc
_cBK
999 _c46463
_d46463